[Event "Prague Menchik Memorial rapid"]
[Site "Prague"]
[Date "2019.06.09"]
[Round "5"]
[White "Svrcek, Martin"]
[Black "Kulhanek, Tomas"]
[Result "0-1"]
[WhiteElo "2127"]
[BlackElo "2319"]
[PlyCount "54"]
[EventDate "2019.06.09"]
[EventType "swiss (rapid)"]
[EventRounds "9"]
[EventCountry "CSR"]
[SourceTitle "CBM 190 Extra"]
[Source "ChessBase"]
[SourceDate "2019.07.15"]
[SourceVersion "1"]
[SourceVersionDate "2019.07.15"]
[SourceQuality "1"]

1. d4 d6 2. c4 e5 3. dxe5 dxe5 4. Qxd8+ Kxd8 5. Nc3 Be6 6. e4 Bc5 7. Nf3 f6 8. Bd2 Nd7 9. h3 Ne7 10. Rd1 a5 11. g4 c6 12. Na4 Kc7 13. Rg1 Ng6 14. b3 Bb4 15. Bd3 Nf4 16. Bf1 h5 17. Bxb4 axb4 18. c5 hxg4 19. hxg4 g5 20. Rd2 Rxa4 21. bxa4 Nxc5 22. Rc2 Nxe4 23. a5 Nc3 24. a6 bxa6 25. Bxa6 Bxa2 26. Nd2 Bd5 27. Rb2 Ra8 0-1

[Event "Prague Menchik Memorial rapid"]
[Site "Prague"]
[Date "2018.06.10"]
[Round "9"]
[White "Brejnik, Gustav"]
[Black "Svrcek, Martin"]
[Result "1-0"]
[WhiteElo "2120"]
[BlackElo "2098"]
[PlyCount "67"]
[EventDate "2018.06.10"]
[EventType "swiss (rapid)"]
[EventRounds "9"]
[EventCountry "CZE"]
[SourceTitle "CBM 184 Extra"]
[Source "ChessBase"]
[SourceDate "2018.06.28"]
[SourceVersion "1"]
[SourceVersionDate "2018.06.28"]
[SourceQuality "1"]

1. d4 e6 2. c4 Nf6 3. Nf3 b6 4. g3 Bb7 5. Bg2 Bb4+ 6. Bd2 Qe7 7. 0-0 0-0 8. Nc3 d6 9. Rc1 a5 10. Bg5 h6 11. Bxf6 Qxf6 12. Nb5 Qe7 13. a3 c6 14. axb4 cxb5 15. cxb5 axb4 16. Qb3 Qd7 17. Qxb4 Ra5 18. Rfd1 Rxb5 19. Qa4 Rxb2 20. Qxd7 Nxd7 21. Rc7 Bc8 22. Rdc1 Nc5 23. dxc5 bxc5 24. e3 Bb7 25. Rd7 Rb6 26. Nd2 Bxg2 27. Kxg2 Rc6 28. Ne4 d5 29. Rxc5 Rfc8 30. Rxc6 Rxc6 31. Nd6 f5 32. Ne8 g6 33. Rd6 Rc8 34. Rxe6 1-0

[Event "SVK-chT1E 1718"]
[Site "Slovakia"]
[Date "2017.12.02"]
[Round "5.8"]
[White "Svrcek, Martin"]
[Black "Staffen, Richard"]
[Result "1-0"]
[WhiteElo "2107"]
[BlackElo "2039"]
[PlyCount "59"]
[EventDate "2017.10.21"]
[EventType "team-tourn"]
[EventRounds "11"]
[EventCountry "SVK"]
[SourceTitle "EXT 2019"]
[Source "ChessBase"]
[SourceDate "2018.10.10"]
[SourceVersion "1"]
[SourceVersionDate "2018.10.10"]
[SourceQuality "1"]
[WhiteTeam "Kysucke Nove Mesto"]
[BlackTeam "Zilina Mladost"]
[WhiteTeamCountry "SVK"]
[BlackTeamCountry "SVK"]

1. d4 d5 2. e3 Nf6 3. Bd3 e6 4. Nd2 c5 5. c3 Nc6 6. f4 cxd4 7. exd4 Bd6 8. Nh3 a5 9. Qe2 Qc7 10. Nf3 a4 11. a3 0-0 12. Ne5 Na5 13. 0-0 Nb3 14. Rb1 Qb6 15. Kh1 Bd7 16. f5 Nxc1 17. Rbxc1 Bxe5 18. dxe5 Ne4 19. Bxe4 dxe4 20. f6 g6 21. Qxe4 h6 22. Qh4 h5 23. Qf4 Kh7 24. Ng5+ Kg8 25. Nxe6 fxe6 26. Qh6 Rf7 27. Qxg6+ Kf8 28. Qh6+ Ke8 29. Qh8+ Rf8 30. f7+ 1-0

[Event "SVK-chT1E 1617"]
[Site "Slovakia"]
[Date "2017.03.19"]
[Round "11.5"]
[White "Svrcek, Martin"]
[Black "Vrabel, Michal"]
[Result "1/2-1/2"]
[WhiteElo "2044"]
[BlackElo "2049"]
[PlyCount "153"]
[EventDate "2016.10.15"]
[EventType "team-tourn"]
[EventRounds "11"]
[EventCountry "SVK"]
[SourceTitle "EXT 2019"]
[Source "ChessBase"]
[SourceDate "2018.10.10"]
[SourceVersion "1"]
[SourceVersionDate "2018.10.10"]
[SourceQuality "1"]
[WhiteTeam "Kysucke Nove Mesto"]
[BlackTeam "Presov Slavia PU"]
[WhiteTeamCountry "SVK"]
[BlackTeamCountry "SVK"]

1. d4 Nf6 2. e3 g6 3. Bd3 Bg7 4. Nf3 c5 5. 0-0 0-0 6. c3 d5 7. Ne5 Nc6 8. f4 Nd7 9. Nd2 Ndxe5 10. fxe5 f6 11. exf6 exf6 12. dxc5 Qe7 13. Nb3 Ne5 14. Be2 Be6 15. Nd4 Rad8 16. b4 f5 17. a4 Nc4 18. Qd3 Bf7 19. Bf3 Rfe8 20. Re1 a5 21. Ra2 axb4 22. cxb4 f4 23. Rae2 Qf6 24. Nb5 Ne5 25. Qa3 Nxf3+ 26. gxf3 fxe3 27. Rxe3 d4 28. Rxe8+ Rxe8 29. Rxe8+ Bxe8 30. Nd6 Bc6 31. Qb3+ Kf8 32. Ne4 Qh4 33. Ng3 Be5 34. Kg2 Qd8 35. b5 Bd5 36. Bh6+ Kf7 37. Qd3 Qa5 38. Qc2 Qe1 39. Bd2 Qa1 40. Ne4 Qa3 41. c6 bxc6 42. bxc6 d3 43. Qc5 Qa2 44. Qa7+ Kf8 45. Kh3 g5 46. Bb4+ Kg8 47. Qa8+ Kg7 48. Qf8+ Kg6 49. Qe8+ Kf5 50. Ng3+ Kf4 51. Qf8+ Ke3 52. Qc5+ Bd4 53. Nf5+ Kxf3 54. Nxd4+ Kf4 55. Qc1+ Ke4 56. c7 Kxd4 57. Qg1+ Ke5 58. Qg3+ Kf6 59. Bc3+ Kf7 60. Qxg5 Be6+ 61. Kg3 Qc4 62. Qf6+ Ke8 63. Qh8+ Kf7 64. Qxh7+ Ke8 65. Qh5+ Kd7 66. Qb5+ Qxb5 67. axb5 Kxc7 68. Ba5+ Kd6 69. Kf2 Bd7 70. b6 Kc6 71. h4 Bf5 72. Ke3 Bg6 73. Kd2 Bf5 74. h5 Bh7 75. h6 Bf5 76. Kc3 Bh7 77. Kd2 1/2-1/2

[Event "Tatry op"]
[Site "Tatranske Zruby"]
[Date "2015.10.01"]
[Round "7"]
[White "Svrcek, Martin"]
[Black "Volodin, Viktor Nikolaevich"]
[Result "0-1"]
[WhiteElo "1984"]
[BlackElo "2198"]
[PlyCount "79"]
[EventDate "2015.09.26"]
[EventType "swiss"]
[EventRounds "9"]
[EventCountry "SVK"]
[SourceTitle "CBM 168 Extra"]
[Source "ChessBase"]
[SourceDate "2015.10.29"]
[SourceVersion "1"]
[SourceVersionDate "2015.10.29"]
[SourceQuality "1"]

1. d4 d5 2. e3 Bf5 3. Bd3 Bg6 4. f4 e6 5. Nf3 Nd7 6. 0-0 Bxd3 7. Qxd3 f5 8. c4 c6 9. Ng5 Qf6 10. cxd5 exd5 11. Bd2 Nh6 12. Be1 Be7 13. b4 a6 14. Qb3 Qd6 15. Nc3 Ng4 16. h3 Nxe3 17. Nb5 axb5 18. Qxe3 0-0 19. Nf3 Nf6 20. Rf2 Ne4 21. Rb2 Ra4 22. Ne5 Qh6 23. Nd7 Rd8 24. Ne5 Rda8 25. a3 Rf8 26. Nd7 Rd8 27. Ne5 Bf6 28. Nd3 g6 29. Rb3 g5 30. Rd1 Re8 31. Bf2 Raa8 32. Qf3 Nxf2 33. Qxf2 Qg7 34. Nc5 b6 35. fxg5 Bxg5 36. h4 bxc5 37. dxc5 Re4 38. hxg5 Qxg5 39. Rg3 Rg4 40. Rxg4 0-1

[Event "SVK-chT2C 1415"]
[Site "Slovakia"]
[Date "2015.03.07"]
[Round "10.6"]
[White "Svrcek, Martin"]
[Black "Sedlar, Jozef"]
[Result "1-0"]
[WhiteElo "1979"]
[BlackElo "2016"]
[PlyCount "53"]
[EventDate "2014.10.11"]
[EventType "team-tourn"]
[EventRounds "11"]
[EventCountry "SVK"]
[SourceTitle "EXT 2016"]
[Source "ChessBase"]
[SourceDate "2015.10.08"]
[SourceVersion "1"]
[SourceVersionDate "2015.10.08"]
[SourceQuality "1"]
[WhiteTeam "Kysucke Nove Mesto"]
[BlackTeam "Banska Bystrica Kurta"]
[WhiteTeamCountry "SVK"]
[BlackTeamCountry "SVK"]

1. d4 d5 2. e3 Nf6 3. Bd3 Bg4 4. f3 Bh5 5. Ne2 Bg6 6. 0-0 e6 7. Nf4 Bd6 8. Nxg6 hxg6 9. f4 c5 10. c3 Qb6 11. Nd2 Nc6 12. Nf3 a5 13. Qa4 c4 14. Bb1 Ke7 15. b3 cxb3 16. axb3 Ne4 17. Bxe4 dxe4 18. Nd2 f5 19. Nc4 Qc7 20. Nxd6 Kxd6 21. Ba3+ Kd7 22. c4 b5 23. cxb5 Nb4 24. Rac1 Qb6 25. Bxb4 axb4 26. Qxb4 Ra5 27. Rc6 1-0

[Event "SVK-chT2C 1415"]
[Site "Slovakia"]
[Date "2014.11.08"]
[Round "3.6"]
[White "Svrcek, Martin"]
[Black "Vrchovsky, Viliam"]
[Result "1-0"]
[WhiteElo "1979"]
[BlackElo "1949"]
[PlyCount "69"]
[EventDate "2014.10.11"]
[EventType "team-tourn"]
[EventRounds "11"]
[EventCountry "SVK"]
[SourceTitle "EXT 2016"]
[Source "ChessBase"]
[SourceDate "2015.10.08"]
[SourceVersion "1"]
[SourceVersionDate "2015.10.08"]
[SourceQuality "1"]
[WhiteTeam "Kysucke Nove Mesto"]
[BlackTeam "Dunajov II"]
[WhiteTeamCountry "SVK"]
[BlackTeamCountry "SVK"]

1. d4 d5 2. e3 Nf6 3. Bd3 g6 4. Nd2 Bg7 5. f4 0-0 6. Qe2 c5 7. c3 c4 8. Bc2 Nc6 9. Ngf3 b5 10. e4 dxe4 11. Nxe4 Nd5 12. 0-0 Qb6 13. Kh1 Bb7 14. Nc5 Rad8 15. Ne5 Qc7 16. Bd2 Bc8 17. Rae1 Na5 18. a4 a6 19. Rf2 Qb6 20. f5 Nb7 21. Nxb7 Bxb7 22. axb5 axb5 23. Ng4 gxf5 24. Rxf5 Rd6 25. Rh5 h6 26. Qf2 Bc8 27. Nxh6+ Bxh6 28. Qg3+ Kh8 29. Qe5+ Kg8 30. Bxh6 Rxh6 31. Qg5+ Rg6 32. Bxg6 fxg6 33. Qxd5+ Rf7 34. Rhe5 Qf6 35. Rxe7 1-0

[Event "SVK-chT2C 1415"]
[Site "Slovakia"]
[Date "2014.10.11"]
[Round "1.6"]
[White "Kolesar, Peter"]
[Black "Svrcek, Martin"]
[Result "0-1"]
[WhiteElo "1847"]
[BlackElo "1979"]
[PlyCount "86"]
[EventDate "2014.10.11"]
[EventType "team-tourn"]
[EventRounds "11"]
[EventCountry "SVK"]
[SourceTitle "EXT 2016"]
[Source "ChessBase"]
[SourceDate "2015.10.08"]
[SourceVersion "1"]
[SourceVersionDate "2015.10.08"]
[SourceQuality "1"]
[WhiteTeam "Podbrezova ZP Sport"]
[BlackTeam "Kysucke Nove Mesto"]
[WhiteTeamCountry "SVK"]
[BlackTeamCountry "SVK"]

1. Nf3 e6 2. e4 d5 3. exd5 exd5 4. h3 Be7 5. d4 Nf6 6. Bd3 0-0 7. 0-0 h6 8. Re1 Re8 9. Nbd2 Be6 10. Ne5 Bf8 11. Ndf3 c5 12. dxc5 Bxc5 13. c3 Qb6 14. Qc2 a5 15. a3 a4 16. Be3 Nbd7 17. Re2 Bxe3 18. Rxe3 Nc5 19. Nd4 Nxd3 20. Nxd3 Bd7 21. Rae1 Rac8 22. Qd1 Rxe3 23. Rxe3 Ne4 24. Nb4 Qc5 25. Ne2 Bc6 26. Nxc6 Qxc6 27. Nf4 Nf6 28. Rd3 Qb5 29. Qc2 Rc4 30. Ne2 Re4 31. Qd2 Qe8 32. Ng3 Re1+ 33. Kh2 Qe5 34. Rf3 Re4 35. Rf5 Qc7 36. Kg1 Re6 37. Rf4 Ne4 38. Qd3 Qxf4 39. Nxe4 Qxe4 40. Qb5 b6 41. f3 Qe3+ 42. Kh2 Qf4+ 43. Kg1 Qg3 0-1

[Event "SVK-chT1E 1314"]
[Site "Slovakia"]
[Date "2014.02.02"]
[Round "7.7"]
[White "Haluska, Peter"]
[Black "Svrcek, Martin"]
[Result "1/2-1/2"]
[WhiteElo "1978"]
[BlackElo "2003"]
[PlyCount "66"]
[EventDate "2013.10.12"]
[EventType "team-tourn"]
[EventRounds "11"]
[EventCountry "SVK"]
[SourceTitle "EXT 2015"]
[Source "ChessBase"]
[SourceDate "2014.11.20"]
[SourceVersion "1"]
[SourceVersionDate "2014.11.20"]
[SourceQuality "1"]
[WhiteTeam "Dolny Kubin"]
[BlackTeam "Kysucke Nove Mesto"]
[WhiteTeamCountry "SVK"]
[BlackTeamCountry "SVK"]

1. e4 e6 2. d4 d5 3. exd5 exd5 4. Bd3 Nf6 5. Nf3 Bg4 6. 0-0 Be7 7. Re1 0-0 8. h3 Bh5 9. Bf4 Re8 10. Nbd2 Nbd7 11. c3 c5 12. dxc5 Nxc5 13. Bc2 Qb6 14. Qc1 Bf8 15. Be3 Qa6 16. Qb1 Bg6 17. Bxg6 hxg6 18. Nd4 Rac8 19. N2f3 b5 20. Qd1 Qb7 21. Nb3 Na4 22. Rb1 b4 23. cxb4 Bxb4 24. Re2 Nb6 25. Bxb6 Qxb6 26. Rxe8+ Rxe8 27. Qc2 Qa6 28. a3 Bf8 29. Nbd4 Rc8 30. Qd1 Ne4 31. Rc1 Rxc1 32. Qxc1 Qd3 33. Qc2 Qc4 1/2-1/2

[Event "SVK-chT1E 1314"]
[Site "Slovakia"]
[Date "2013.10.12"]
[Round "1.6"]
[White "Svrcek, Martin"]
[Black "Klein, Peter"]
[Result "0-1"]
[WhiteElo "2003"]
[BlackElo "2027"]
[PlyCount "74"]
[EventDate "2013.10.12"]
[EventType "team-tourn"]
[EventRounds "11"]
[EventCountry "SVK"]
[SourceTitle "EXT 2015"]
[Source "ChessBase"]
[SourceDate "2014.11.20"]
[SourceVersion "1"]
[SourceVersionDate "2014.11.20"]
[SourceQuality "1"]
[WhiteTeam "Kysucke Nove Mesto"]
[BlackTeam "Filakovo"]
[WhiteTeamCountry "SVK"]
[BlackTeamCountry "SVK"]

1. d4 g6 2. c4 Bg7 3. Nc3 d6 4. e4 Nf6 5. f3 0-0 6. Be3 Nbd7 7. Qd2 Re8 8. Nge2 c5 9. 0-0-0 Qa5 10. Kb1 a6 11. Nc1 cxd4 12. Bxd4 Nc5 13. Bxc5 Qxc5 14. Nb3 Qc7 15. Be2 Bd7 16. Rc1 Reb8 17. Rhd1 b6 18. g4 Qa7 19. g5 Ne8 20. h4 Nc7 21. f4 Be6 22. Nd4 Bd7 23. Bf3 Rc8 24. e5 dxe5 25. Ndb5 Bf5+ 26. Ka1 axb5 27. Bxa8 Rxa8 28. cxb5 Nxb5 29. Qd8+ Rxd8 30. Rxd8+ Bf8 31. Nxb5 Qa5 32. Nc7 exf4 33. Nd5 Kg7 34. Nxf4 e5 35. Nd5 Be6 36. Rd1 Be7 37. b4 Qa4 0-1

[Event "Zilina op"]
[Site "Zilina"]
[Date "2013.08.30"]
[Round "3"]
[White "Bakalar, Jan"]
[Black "Svrcek, Martin"]
[Result "1-0"]
[WhiteElo "2042"]
[BlackElo "1996"]
[PlyCount "77"]
[EventDate "2013.08.29"]
[EventType "swiss"]
[EventRounds "7"]
[EventCountry "SVK"]
[SourceTitle "CBM 156 Extra"]
[Source "ChessBase"]
[SourceDate "2013.10.22"]
[SourceVersion "1"]
[SourceVersionDate "2013.10.22"]
[SourceQuality "1"]

1. e4 e6 2. d4 d5 3. e5 c5 4. c3 Nc6 5. Nf3 Bd7 6. Be2 Nge7 7. h4 cxd4 8. cxd4 h6 9. Nc3 a6 10. Kf1 Qb6 11. Na4 Qa7 12. Nc5 Nf5 13. Nb3 Rc8 14. g4 Nfe7 15. Bd2 f6 16. Bc3 b5 17. a3 Ng6 18. Qd2 fxe5 19. dxe5 Qb8 20. Qe3 b4 21. Bd3 bxc3 22. Bxg6+ Kd8 23. Qxc3 Nxe5 24. Qa5+ Ke7 25. Nxe5 Qxe5 26. Qd2 Rc4 27. Rg1 Rf4 28. Re1 Qf6 29. Nc5 Bb5+ 30. Bd3 Bxd3+ 31. Nxd3 Rd4 32. Qc3 Rc4 33. Qa5 Qd4 34. Ne5 Rc2 35. Rg2 Rg8 36. Qxa6 g5 37. Qb7+ Kd6 38. Qd7+ Kc5 39. Qc6# 1-0

[Event "SVK-chT1E 1112"]
[Site "Slovakia"]
[Date "2011.10.16"]
[Round "2.8"]
[White "Galovicova, Slavomira"]
[Black "Svrcek, Martin"]
[Result "0-1"]
[WhiteElo "1755"]
[BlackElo "1999"]
[PlyCount "74"]
[EventDate "2011.10.15"]
[EventType "team-tourn"]
[EventRounds "11"]
[EventCountry "SVK"]
[SourceTitle "EXT 2013"]
[Source "ChessBase"]
[SourceDate "2012.11.22"]
[SourceVersion "1"]
[SourceVersionDate "2012.11.22"]
[SourceQuality "1"]
[WhiteTeam "Svit"]
[BlackTeam "Kysucke Nove Mesto"]
[WhiteTeamCountry "SVK"]
[BlackTeamCountry "SVK"]

1. e4 e6 2. d4 d5 3. e5 c5 4. c3 Nc6 5. Nf3 Qb6 6. Be2 cxd4 7. cxd4 Nh6 8. b3 Nf5 9. Bb2 Bb4+ 10. Nc3 Nfxd4 11. Nxd4 Qxd4 12. Qxd4 Nxd4 13. Rc1 Nxe2 14. Kxe2 Bd7 15. a3 Be7 16. Na4 Bxa4 17. bxa4 Kd7 18. Rc2 Rac8 19. Rhc1 Rxc2+ 20. Rxc2 Rc8 21. Kd3 Rxc2 22. Kxc2 Bc5 23. f3 Kc6 24. Kb3 Bg1 25. h3 Kc5 26. Bc3 d4 27. Be1 Bh2 28. g3 Kd5 29. f4 Ke4 30. Kc4 Ke3 31. a5 d3 32. Kc3 Bxg3 33. Bd2+ Ke2 34. a4 Bf2 35. a6 bxa6 36. a5 Bd4+ 37. Kxd4 Kxd2 0-1

[Event "SVK-chT1E 1011"]
[Site "Slovakia"]
[Date "2011.03.20"]
[Round "9"]
[White "Svrcek, Martin"]
[Black "Palecek, Peter"]
[Result "1-0"]
[WhiteElo "1974"]
[BlackElo "2254"]
[PlyCount "135"]
[EventDate "2010.11.06"]
[EventType "team-tourn"]
[EventRounds "11"]
[EventCountry "SVK"]
[SourceTitle "EXT 2012"]
[Source "ChessBase"]
[SourceDate "2011.11.24"]
[SourceVersion "1"]
[SourceVersionDate "2011.11.24"]
[SourceQuality "1"]
[WhiteTeam "Kysucke Nove Mesto"]
[BlackTeam "Liptov Chess School"]
[WhiteTeamCountry "SVK"]
[BlackTeamCountry "SVK"]

1. d4 d5 2. e3 c6 3. Bd3 Nf6 4. Nd2 Bg4 5. f3 Bh5 6. Ne2 Nbd7 7. Nf4 e5 8. Nxh5 Nxh5 9. 0-0 exd4 10. exd4 Nf4 11. Re1+ Be7 12. Nb3 Nxd3 13. Qxd3 0-0 14. Bf4 Bf6 15. a4 Re8 16. Rxe8+ Qxe8 17. Kf1 Nf8 18. Re1 Qc8 19. Bg3 Ne6 20. Be5 Bxe5 21. Rxe5 Qf8 22. Qe3 Qb4 23. f4 Qc4+ 24. Qe2 Nxf4 25. Qxc4 dxc4 26. Nd2 c3 27. bxc3 Ne6 28. Nb3 Rd8 29. Nc5 Nxc5 30. Rxc5 Kf8 31. a5 a6 32. Ke2 Ke7 33. Re5+ Kd6 34. c4 f6 35. c5+ Kd7 36. Re4 Rf8 37. c4 Rf7 38. Kd3 f5 39. Re5 g6 40. d5 cxd5 41. cxd5 Kd8 42. Re6 f4 43. Ke4 g5 44. c6 bxc6 45. Rxc6 g4 46. Rxa6 f3 47. gxf3 Rxf3 48. Rh6 Ra3 49. a6 Ra2 50. Ke5 Ra1 51. Kf5 Ra4 52. Rxh7 Rxa6 53. Kxg4 Ra5 54. Rh5 Kd7 55. Rf5 Kd6 56. h4 Ra8 57. h5 Rg8+ 58. Kf4 Rg1 59. h6 Rg8 60. h7 Rh8 61. Rf7 Kxd5 62. Kf5 Kd6 63. Kf6 Ra8 64. Rg7 Rf8+ 65. Kg6 Ke6 66. Rg8 Rf6+ 67. Kg5 Rf5+ 68. Kg4 1-0

[Event "SVK-chT1E 1011"]
[Site "Slovakia"]
[Date "2011.02.12"]
[Round "6.7"]
[White "Hlavac, Peter"]
[Black "Svrcek, Martin"]
[Result "0-1"]
[WhiteElo "1996"]
[BlackElo "1974"]
[PlyCount "98"]
[EventDate "2010.11.06"]
[EventType "team-tourn"]
[EventRounds "11"]
[EventCountry "SVK"]
[SourceTitle "EXT 2012"]
[Source "ChessBase"]
[SourceDate "2011.11.24"]
[SourceVersion "1"]
[SourceVersionDate "2011.11.24"]
[SourceQuality "1"]
[WhiteTeam "Rajecke Teplice"]
[BlackTeam "Kysucke Nove Mesto"]
[WhiteTeamCountry "SVK"]
[BlackTeamCountry "SVK"]

1. Nf3 g6 2. e4 c5 3. d4 Bg7 4. Nc3 cxd4 5. Nxd4 Nc6 6. Be3 d6 7. Be2 Nf6 8. 0-0 0-0 9. f4 Nd7 10. Bf3 Nb6 11. Qd3 Nb4 12. Qe2 Bd7 13. a3 Nc6 14. Rad1 Rc8 15. Nd5 Nc4 16. Nxc6 Rxc6 17. c3 Nxe3 18. Qxe3 e6 19. Nb4 Rb6 20. e5 Bb5 21. Rf2 d5 22. b3 a5 23. Nc2 Qc7 24. Nd4 Rc8 25. Rc2 Bf8 26. a4 Bd7 27. c4 dxc4 28. Rxc4 Qd8 29. Rdc1 Rb4 30. Rxc8 Bxc8 31. Nb5 b6 32. Rd1 Qxd1+ 33. Bxd1 Bc5 34. Qxc5 bxc5 35. g3 Ba6 36. Na7 Rb6 37. Kf2 Kf8 38. Ke3 Ke8 39. Kd2 Kd7 40. Kc3 Rb7 41. Nb5 Bxb5 42. axb5 Rxb5 43. g4 Rb4 44. f5 exf5 45. gxf5 gxf5 46. Be2 Ke6 47. Bc4+ Rxc4+ 48. Kxc4 Kxe5 49. Kxc5 f4 0-1

[Event "SVK-chT1E 1011"]
[Site "Slovakia"]
[Date "2011.01.09"]
[Round "5.8"]
[White "Svrcek, Martin"]
[Black "Krajnak, Jan"]
[Result "0-1"]
[WhiteElo "1974"]
[BlackElo "2082"]
[PlyCount "75"]
[EventDate "2010.11.06"]
[EventType "team-tourn"]
[EventRounds "11"]
[EventCountry "SVK"]
[SourceTitle "EXT 2012"]
[Source "ChessBase"]
[SourceDate "2011.11.24"]
[SourceVersion "1"]
[SourceVersionDate "2011.11.24"]
[SourceQuality "1"]
[WhiteTeam "Kysucke Nove Mesto"]
[BlackTeam "Svit"]
[WhiteTeamCountry "SVK"]
[BlackTeamCountry "SVK"]

1. d4 c5 2. e3 Nf6 3. Bd3 d5 4. c3 Nc6 5. f4 Bg4 6. Nf3 e6 7. Nbd2 Qb6 8. Qa4 0-0-0 9. Ne5 Nxe5 10. fxe5 Nd7 11. Bb5 f5 12. 0-0 Be7 13. Nf3 Nf8 14. Be2 g5 15. Bd2 Ng6 16. c4 Bxf3 17. Bxf3 dxc4 18. Qxc4 Nxe5 19. dxe5 Rxd2 20. b4 g4 21. bxc5 Qa6 22. Qxa6 bxa6 23. Bd1 Rd5 24. Be2 Rxe5 25. Bxa6+ Kc7 26. Rab1 Bxc5 27. Rfc1 Rb8 28. Rxb8 Kxb8 29. Kf1 Kc7 30. Bd3 Kd6 31. e4 fxe4 32. Be2 Rf5+ 33. Ke1 Bb4+ 34. Kd1 Rd5+ 35. Kc2 Rd2+ 36. Kb3 Rxe2 37. Kxb4 Rxa2 38. Kc4 0-1

[Event "SVK-chT1E 1011"]
[Site "Slovakia"]
[Date "2010.12.12"]
[Round "4.7"]
[White "Rabovszky, Gyorgy"]
[Black "Svrcek, Martin"]
[Result "0-1"]
[WhiteElo "1987"]
[BlackElo "1974"]
[PlyCount "70"]
[EventDate "2010.11.06"]
[EventType "team-tourn"]
[EventRounds "11"]
[EventCountry "SVK"]
[SourceTitle "EXT 2012"]
[Source "ChessBase"]
[SourceDate "2011.11.24"]
[SourceVersion "1"]
[SourceVersionDate "2011.11.24"]
[SourceQuality "1"]
[WhiteTeam "Filakovo"]
[BlackTeam "Kysucke Nove Mesto"]
[WhiteTeamCountry "SVK"]
[BlackTeamCountry "SVK"]

1. e4 e6 2. d4 d5 3. Nc3 dxe4 4. Nxe4 Nf6 5. Nxf6+ Qxf6 6. Nf3 h6 7. Be3 Nd7 8. Be2 b6 9. Qd2 Bb7 10. c4 c5 11. 0-0-0 Rd8 12. dxc5 Bxc5 13. Bxc5 Nxc5 14. Qxd8+ Qxd8 15. Rxd8+ Kxd8 16. Ne5 Ke7 17. b4 Ne4 18. Bf3 Nxf2 19. Rf1 Bxf3 20. Rxf2 Bh5 21. g4 Kd6 22. Nxf7+ Bxf7 23. Rxf7 Rc8 24. Rxg7 Rxc4+ 25. Kd2 Rxb4 26. Kc3 Ra4 27. Kb3 Rf4 28. Rg6 Rf3+ 29. Kc4 Rh3 30. Kb5 Rxh2 31. a4 Rb2+ 32. Kc4 a5 33. Rxh6 Rb4+ 34. Kc3 Rxg4 35. Kb3 Rb4+ 0-1

[Event "SVK-chT2C 0809"]
[Site "Slovakia"]
[Date "2009.02.01"]
[Round "9.5"]
[White "Kostelny, Jozef"]
[Black "Svrcek, Martin"]
[Result "1-0"]
[WhiteElo "2195"]
[BlackElo "1975"]
[PlyCount "89"]
[EventDate "2008.10.11"]
[EventType "team-tourn"]
[EventRounds "11"]
[EventCountry "SVK"]
[SourceTitle "EXT 2010"]
[Source "ChessBase"]
[SourceDate "2010.11.25"]
[SourceVersion "1"]
[SourceVersionDate "2010.11.25"]
[SourceQuality "1"]
[WhiteTeam "Zilina Mladost II"]
[BlackTeam "Zilina Central"]
[WhiteTeamCountry "SVK"]
[BlackTeamCountry "SVK"]

1. d4 e6 2. Nf3 Nf6 3. c4 Bb4+ 4. Bd2 Bxd2+ 5. Qxd2 Ne4 6. Qc2 f5 7. g3 c5 8. e3 Qa5+ 9. Nc3 Nc6 10. Bg2 Nb4 11. Qb1 Nc6 12. 0-0 Nxc3 13. bxc3 Qxc3 14. d5 Ne7 15. dxe6 dxe6 16. Qb5+ Kf7 17. Qxc5 Nc6 18. Rac1 Qb2 19. Rcd1 Qb4 20. Qb5 Qe7 21. Ne5+ Nxe5 22. Qxe5 Rd8 23. c5 Rxd1 24. Rxd1 a5 25. a4 Qf6 26. Qf4 Qe7 27. Qc4 Ra6 28. Qb5 Qc7 29. Bxb7 Qxb7 30. Qxb7+ Bxb7 31. Rd7+ Kf6 32. Rxb7 Rc6 33. Rb5 Ke5 34. Rxa5 Rc7 35. Kg2 Ke4 36. Rb5 g5 37. a5 g4 38. a6 Ra7 39. Ra5 Kd5 40. h3 h5 41. f3 e5 42. hxg4 hxg4 43. Kf2 e4 44. fxg4 fxg4 45. Ke2 1-0

[Event "SVK-chT2C 0809"]
[Site "Slovakia"]
[Date "2009.01.10"]
[Round "7.3"]
[White "Pekar, Karol"]
[Black "Svrcek, Martin"]
[Result "1-0"]
[WhiteElo "2177"]
[BlackElo "1975"]
[PlyCount "97"]
[EventDate "2008.10.11"]
[EventType "team-tourn"]
[EventRounds "11"]
[EventCountry "SVK"]
[SourceTitle "EXT 2010"]
[Source "ChessBase"]
[SourceDate "2010.11.25"]
[SourceVersion "1"]
[SourceVersionDate "2010.11.25"]
[SourceQuality "1"]
[WhiteTeam "Liptov SK III"]
[BlackTeam "Zilina Central"]
[WhiteTeamCountry "SVK"]
[BlackTeamCountry "SVK"]

1. d4 Nf6 2. Nc3 d5 3. Bg5 Bf5 4. Bxf6 exf6 5. e3 Bb4 6. Bd3 Qd7 7. Nge2 0-0 8. a3 Bxc3+ 9. Nxc3 Re8 10. h3 Nc6 11. g4 Be4 12. Bxe4 dxe4 13. Qe2 f5 14. gxf5 Qxf5 15. 0-0-0 a6 16. Rhg1 Rad8 17. Rg4 Rd6 18. Rf4 Qg6 19. Qg4 Qxg4 20. hxg4 Rg6 21. Nxe4 Ne7 22. g5 Nd5 23. Rh4 f5 24. gxf6 Nxf6 25. Nc5 Ng4 26. Nd3 h6 27. Kd2 Nf6 28. Ne5 Rg2 29. Ke2 Nh7 30. Kf1 Rg5 31. f4 Rf5 32. Ke2 Nf8 33. Rg1 Rf6 34. Kd3 Kh7 35. c4 a5 36. d5 Rb6 37. Rh2 Rb3+ 38. Kd4 Re7 39. f5 Nd7 40. Nxd7 Rxd7 41. e4 Rf3 42. Rg6 a4 43. Rhg2 Rf1 44. Re6 Rf3 45. Kc5 Rb3 46. e5 Rf3 47. Re8 Re3 48. e6 Rd6 49. Re7 1-0

[Event "SVK-chT2C 0809"]
[Site "Slovakia"]
[Date "2008.11.09"]
[Round "4.3"]
[White "Svrcek, Martin"]
[Black "Valuska, Jan"]
[Result "1-0"]
[WhiteElo "1975"]
[BlackElo "2084"]
[PlyCount "52"]
[EventDate "2008.10.11"]
[EventType "team-tourn"]
[EventRounds "11"]
[EventCountry "SVK"]
[SourceTitle "EXT 2010"]
[Source "ChessBase"]
[SourceDate "2010.11.25"]
[SourceVersion "1"]
[SourceVersionDate "2010.11.25"]
[SourceQuality "1"]
[WhiteTeam "Zilina Central"]
[BlackTeam "Zvolen Slavia"]
[WhiteTeamCountry "SVK"]
[BlackTeamCountry "SVK"]

1. d4 e6 2. e3 b6 3. f4 Bb7 4. Nf3 Nc6 5. Bd3 Nb4 6. 0-0 Nxd3 7. cxd3 c5 8. Nc3 Bxf3 9. Qxf3 cxd4 10. exd4 g6 11. d5 Rc8 12. Be3 Bc5 13. Nb5 Qe7 14. Nxa7 Bxe3+ 15. Qxe3 Rc5 16. Rac1 exd5 17. Qd4 Qf6 18. Qb4 Rxc1 19. Rxc1 Ne7 20. Re1 Kd8 21. Rxe7 Qxe7 22. Qxb6+ Ke8 23. Qb8+ Qd8 24. Qe5+ Kf8 25. Qxh8+ Ke7 26. Qxd8+ Kxd8 1-0